| 000 | 00842nam a2200301Ia 4500 | ||
|---|---|---|---|
| 005 | 20250425161916.0 | ||
| 008 | 250425s9999 xx 000 0 und d | ||
| 020 | _a9684511698 | ||
| 041 | _aspa | ||
| 043 | _ack | ||
| 082 | _a658.83 | ||
| 100 | _aKINNEAR, THOMAS C. | ||
| 245 | 0 | _aINVESTIGACION DE MERCADOS: UN ENFOQUE APLICADO | |
| 250 | _a3A ED. | ||
| 260 | _aBOGOTA | ||
| 260 |
_aColombia _bMCGRAW-HILL _c1989 |
||
| 300 | _a737 | ||
| 500 | _aTÃtulo Traducido: MARKETING RESEARCH: AN APPLIED APPROACH | ||
| 650 | _aINVESTIGACION DE MERCADOS | ||
| 650 | _aINVESTIGACION DE MERCADOS | ||
| 650 | _aMEDICION | ||
| 650 | _aMEDICION | ||
| 650 | _aPROCESOS DE INVESTIGACION ARQUEOLOGICA | ||
| 650 | _aPROCESOS DE INVESTIGACION ARQUEOLOGICA | ||
| 700 |
_aANTONIO JOSE GODOY _etraductor |
||
| 942 | _c01 | ||
| 010 | _a34594 | ||
| 999 |
_c218629 _d218629 |
||